Lectures on Patañjali's Mahābhāṣya. (Record no. 54344)
[ view plain ]
| 000 -LEADER | |
|---|---|
| fixed length control field | 00755cam a22002531 4500 |
| 001 - CONTROL NUMBER | |
| control field | sa 63002129 |
| 003 - CONTROL NUMBER IDENTIFIER | |
| control field | DLC |
| 005 - DATE AND TIME OF LATEST TRANSACTION | |
| control field | 20260227111932.0 |
| 008 - FIXED-LENGTH DATA ELEMENTS--GENERAL INFORMATION | |
| fixed length control field | 810304m19539999ii 001 0 eng |
| 010 ## - LIBRARY OF CONGRESS CONTROL NUMBER | |
| LC control number | sa 63002129 |
| 020 ## - INTERNATIONAL STANDARD BOOK NUMBER | |
| International Standard Book Number | 9788185170473 (v. 9) |
| 020 ## - INTERNATIONAL STANDARD BOOK NUMBER | |
| International Standard Book Number | 9788185170480 (v. 10) |
| 035 ## - SYSTEM CONTROL NUMBER | |
| System control number | (OCoLC)7190226 |
| 040 ## - CATALOGING SOURCE | |
| Original cataloging agency | DLC |
| Transcribing agency | MnU |
| Modifying agency | DLC |
| 042 ## - AUTHENTICATION CODE | |
| Authentication code | pcc |
| 050 00 - LIBRARY OF CONGRESS CALL NUMBER | |
| Classification number | PK531 |
| Item number | .S9 |
| 100 1# - MAIN ENTRY--PERSONAL NAME | |
| Personal name | Subrahmanya Sastri, P. S., |
| Dates associated with a name | 1890-1978. |
| 245 10 - TITLE STATEMENT | |
| Title | Lectures on Patañjali's Mahābhāṣya. |
| 260 ## - PUBLICATION, DISTRIBUTION, ETC. | |
| Place of publication, distribution, etc. | Thiruvaiyaru, |
| Date of publication, distribution, etc. | 1953-<2011> |
| 260 3# - PUBLICATION, DISTRIBUTION, ETC. | |
| Materials specified | v. 7- |
| Place of publication, distribution, etc. | Chennai : |
| Name of publisher, distributor, etc. | Kuppuswami Sastri Research |
| 300 ## - PHYSICAL DESCRIPTION | |
| Extent | v. < 1-6, 9-10> |
| Dimensions | 26 cm. |
| 505 1# - FORMATTED CONTENTS NOTE | |
| Formatted contents note | v. 9 (āhnikas 42-47) -- v. 10 (āhnikas 48-56) |
| 600 00 - SUBJECT ADDED ENTRY--PERSONAL NAME | |
| Personal name | Patañjali. |
| Title of a work | Mahābhāṣya. |
No items available.